Organisation of Secondary education (Record no. 494651)

000 -LEADER
fixed length control field 00393cam a22001097a 4500
008 - FIXED-LENGTH DATA ELEMENTS--GENERAL INFORMATION
fixed length control field 180718b1965 xxu||||| |||| 00| 0 eng d
082 ## - DEWEY DECIMAL CLASSIFICATION NUMBER
Classification number P43x42 Un3Q
245 ## - TITLE STATEMENT
Title Organisation of Secondary education
Statement of responsibility, etc. by Department of Education and Science, United Nation
260 ## - PUBLICATION, DISTRIBUTION, ETC.
Place of publication, distribution, etc. London
Name of publisher, distributor, etc. Her Majesty's Stationery Office
Date of publication, distribution, etc. 1965
300 ## - PHYSICAL DESCRIPTION
Extent 11p
700 ## - ADDED ENTRY--PERSONAL NAME
Personal name United Nation. Department of Education and science
Holdings
Withdrawn status Lost status Damaged status Not for loan Permanent Location Current Location Date acquired Full call number Barcode Date last seen Price effective from Koha item type
        Indian Institute of Public Administration Indian Institute of Public Administration 2018-08-04 P43x42 Un3Q G8972 2018-08-04 2018-08-04 G

Powered by Koha